[Event "Lipetsk Winter Cup rapid"]
[Site "Lipetsk"]
[Date "2020.01.18"]
[Round "7"]
[White "Pogosian, Manvel"]
[Black "Izhokin, Igor"]
[Result "1-0"]
[WhiteElo "2383"]
[BlackElo "1992"]
[PlyCount "95"]
[EventDate "2020.01.17"]
[EventType "swiss (rapid)"]
[EventRounds "11"]
[EventCountry "RUS"]
[SourceTitle "CBM 194 Extra"]
[Source "ChessBase"]
[SourceDate "2020.03.31"]
[SourceVersion "1"]
[SourceVersionDate "2020.03.31"]
[SourceQuality "1"]

1. d4 Nf6 2. Nf3 e6 3. c4 d5 4. Nc3 Be7 5. g3 0-0 6. Bg2 c6 7. 0-0 Nbd7 8. Nd2 b6 9. e4 dxe4 10. Ndxe4 Bb7 11. Be3 Nxe4 12. Nxe4 Nf6 13. Nc3 Qc7 14. h3 Rfd8 15. Qb3 c5 16. Bxb7 Qxb7 17. dxc5 Rab8 18. cxb6 axb6 19. Rfd1 Rdc8 20. Qb5 Bc5 21. Bf4 Qf3 22. Rd2 Rb7 23. Rad1 h6 24. Qb3 Nh5 25. Rd8+ Rxd8 26. Rxd8+ Kh7 27. Qc2+ f5 28. Qe2 Qxe2 29. Nxe2 Nf6 30. Be5 Ne4 31. Nd4 Ra7 32. a3 Nd2 33. Nc6 Nf3+ 34. Kg2 Nxe5 35. Nxa7 Nxc4 36. b4 Be7 37. Re8 Bf6 38. Rxe6 Nxa3 39. Rxb6 Bd4 40. Rb7 Nc4 41. Nc6 Bc3 42. b5 Nd6 43. Rb8 Kg6 44. b6 Kf6 45. b7 Kg6 46. Ne7+ Kg5 47. f4+ Kh5 48. Rc8 1-0

[Event "RUS Central Region-chT"]
[Site "Lipetsk"]
[Date "2017.12.06"]
[Round "5.1"]
[White "Izhokin, Igor"]
[Black "Evdokimov, Alexey"]
[Result "0-1"]
[WhiteElo "2060"]
[BlackElo "2304"]
[PlyCount "88"]
[EventDate "2017.12.03"]
[EventType "team-swiss"]
[EventRounds "7"]
[EventCountry "RUS"]
[SourceTitle "CBM 182 Extra"]
[Source "ChessBase"]
[SourceDate "2018.02.23"]
[SourceVersion "1"]
[SourceVersionDate "2018.02.23"]
[SourceQuality "1"]
[WhiteTeam "Lipetsk SN4 Region"]
[BlackTeam "Vladimirsk Region"]
[WhiteTeamCountry "RUS"]
[BlackTeamCountry "RUS"]

1. e4 g6 2. d4 Bg7 3. Nc3 c5 4. Nf3 cxd4 5. Nxd4 Nc6 6. Be3 Nf6 7. Bc4 0-0 8. Bb3 Qa5 9. f3 d6 10. Qd2 Bd7 11. 0-0-0 Rac8 12. g4 Ne5 13. h4 Nc4 14. Bxc4 Rxc4 15. Nb3 Qa6 16. h5 Be6 17. Nd4 Rfc8 18. Nxe6 fxe6 19. hxg6 hxg6 20. e5 Rxc3 21. exf6 Qxa2 22. Qxc3 Rxc3 23. bxc3 Bxf6 24. Kd2 Qc4 25. Bd4 e5 26. Bxa7 e4 27. fxe4 Qxc3+ 28. Ke2 Qxc2+ 29. Kf3 Qb3+ 30. Be3 Bg5 31. Rde1 b5 32. Kf2 Bf6 33. Rb1 Qc4 34. Kf3 b4 35. Rhc1 Bc3 36. g5 Qf7+ 37. Kg4 Qe6+ 38. Kf3 Qh3+ 39. Ke2 Qe6 40. Kf3 Qh3+ 41. Ke2 Qg4+ 42. Kd3 Qe6 43. Bf4 Qa2 44. Be3 Qa6+ 0-1

[Event "RUS Central Region-chT"]
[Site "Lipetsk"]
[Date "2017.12.03"]
[Round "1.3"]
[White "Izhokin, Igor"]
[Black "Aminov, Andrey"]
[Result "0-1"]
[WhiteElo "2060"]
[BlackElo "2304"]
[PlyCount "86"]
[EventDate "2017.12.03"]
[EventType "team-swiss"]
[EventRounds "7"]
[EventCountry "RUS"]
[SourceTitle "CBM 182 Extra"]
[Source "ChessBase"]
[SourceDate "2018.02.23"]
[SourceVersion "1"]
[SourceVersionDate "2018.02.23"]
[SourceQuality "1"]
[WhiteTeam "Lipetsk SN4 Region"]
[BlackTeam "Voronezh Region"]
[WhiteTeamCountry "RUS"]
[BlackTeamCountry "RUS"]

1. e4 g6 2. d4 Bg7 3. Nc3 d6 4. Nf3 a6 5. a4 Nf6 6. Bc4 0-0 7. 0-0 Bg4 8. h3 Bxf3 9. Qxf3 Nc6 10. Be3 e5 11. dxe5 Nxe5 12. Qe2 Nxc4 13. Qxc4 Re8 14. Rfe1 Nxe4 15. Nxe4 d5 16. Qb3 dxe4 17. Qxb7 Qb8 18. Qc6 Qxb2 19. Bf4 Qc3 20. Qb7 Qxc2 21. Rac1 Qxa4 22. Rxc7 Qb5 23. Qxb5 axb5 24. Rb1 Be5 25. Bxe5 Rxe5 26. Rb7 Ra5 27. Rc1 Ra2 28. Re1 Rf5 29. Rxe4 Rfxf2 30. Rg4 h5 31. Rg5 Rab2 32. Kh1 b4 33. Rg3 Kg7 34. Rb6 Rb1+ 35. Kh2 Rff1 36. Rf3 Rxf3 37. gxf3 h4 38. Kg2 Rb2+ 39. Kg1 b3 40. Kh1 Kf8 41. Rb7 Ke8 42. Kg1 Kd8 43. Rxf7 Rc2 0-1

[Event "Voronezh op-B 17th"]
[Site "Voronezh"]
[Date "2013.06.13"]
[Round "2"]
[White "Izhokin, Igor"]
[Black "Kiselev, Maxim2222"]
[Result "0-1"]
[WhiteElo "2060"]
[BlackElo "2152"]
[PlyCount "89"]
[EventDate "2013.06.12"]
[EventType "swiss"]
[EventRounds "9"]
[EventCountry "RUS"]
[SourceTitle "EXT 2014"]
[Source "ChessBase"]
[SourceDate "2013.11.20"]
[SourceVersion "1"]
[SourceVersionDate "2013.11.20"]
[SourceQuality "1"]

1. e4 d6 2. d4 Nf6 3. Nc3 g6 4. f4 Bg7 5. Nf3 0-0 6. Bd3 Na6 7. 0-0 c5 8. d5 Bg4 9. Bc4 Nd7 10. a4 Nb4 11. a5 Rb8 12. h3 Bxf3 13. Rxf3 Kh8 14. Rf1 f5 15. Qe2 Nf6 16. Rd1 Nh5 17. Kh2 fxe4 18. Qxe4 Nxf4 19. Ne2 Nh5 20. c3 Be5+ 21. Kg1 Na6 22. Bh6 Rf7 23. Rf1 Rxf1+ 24. Rxf1 Nf6 25. Qh4 Nc7 26. Nf4 Bxf4 27. Rxf4 b5 28. axb6 Rxb6 29. b3 Kg8 30. g4 Rb8 31. Bg5 Nce8 32. Bh6 Ng7 33. Qf2 Qe8 34. g5 Nd7 35. Bd3 Ne5 36. Bc2 Nf7 37. Bxg7 Kxg7 38. Qh4 e6 39. dxe6 Qxe6 40. Rf6 Qe3+ 41. Kh1 Qc1+ 42. Kg2 Qxc2+ 43. Rf2 Qxb3 44. Qf4 Qd5+ 45. Kh2 0-1

[Event "Voronezh op-B 17th"]
[Site "Voronezh"]
[Date "2013.06.12"]
[Round "1"]
[White "Chekletsova, Darya"]
[Black "Izhokin, Igor"]
[Result "0-1"]
[WhiteElo "1497"]
[BlackElo "2060"]
[PlyCount "61"]
[EventDate "2013.06.12"]
[EventType "swiss"]
[EventRounds "9"]
[EventCountry "RUS"]
[SourceTitle "EXT 2014"]
[Source "ChessBase"]
[SourceDate "2013.11.20"]
[SourceVersion "1"]
[SourceVersionDate "2013.11.20"]
[SourceQuality "1"]

1. d4 d5 2. c4 e6 3. Nc3 Nf6 4. Bg5 Be7 5. e3 0-0 6. Nf3 h6 7. Bh4 b6 8. Bd3 Bb7 9. 0-0 Nbd7 10. Qc2 c5 11. Ne5 cxd4 12. exd4 Nxe5 13. dxe5 Nd7 14. Bxe7 Qxe7 15. f4 dxc4 16. Be4 Nc5 17. Bxb7 Nxb7 18. Ne4 b5 19. Rf3 Rad8 20. Rg3 Kh8 21. Ng5 Rd3 22. Rh3 Kg8 23. Nf3 Rfd8 24. Re1 Qc5+ 25. Kh1 Qd5 26. Rg3 Rd1 27. h3 Rxe1+ 28. Nxe1 Nc5 29. Qe2 Qd2 30. Qg4 Qxe1+ 31. Kh2 0-1

[Event "Anapa op"]
[Site "Anapa"]
[Date "2012.09.01"]
[Round "2"]
[White "Izhokin, Igor"]
[Black "Lefebr, Vladislav"]
[Result "1-0"]
[WhiteElo "1949"]
[BlackElo "2128"]
[PlyCount "121"]
[EventDate "2012.08.30"]
[EventType "swiss"]
[EventRounds "9"]
[EventCountry "RUS"]
[SourceTitle "CBM 150 Extra"]
[Source "ChessBase"]
[SourceDate "2012.10.19"]
[SourceVersion "1"]
[SourceVersionDate "2012.10.19"]
[SourceQuality "1"]

1. e4 c6 2. d4 g6 3. Nc3 d5 4. Nf3 Bg7 5. h3 Nh6 6. exd5 cxd5 7. Bb5+ Bd7 8. Bxd7+ Qxd7 9. Ne5 Qd8 10. Qf3 0-0 11. Qxd5 Nf5 12. Qxb7 Nxd4 13. 0-0 Bxe5 14. Qxa8 Nbc6 15. Qb7 Qd6 16. Rd1 Rd8 17. Bh6 f6 18. Qa6 g5 19. Qc4+ e6 20. Nb5 Qd5 21. Qxd5 exd5 22. Nxd4 Nxd4 23. c3 Nf5 24. Bxg5 fxg5 25. Rd3 Kf7 26. Rad1 Ke6 27. Kf1 Ne7 28. Ke2 Rb8 29. R3d2 a5 30. Rc2 a4 31. Rb1 h5 32. b4 Rc8 33. Rbc1 a3 34. Kd3 h4 35. c4 d4 36. Re2 Kf5 37. c5 Nd5 38. Kc4 d3 39. Rxe5+ Kxe5 40. Re1+ Kf4 41. Kxd5 g4 42. hxg4 Rd8+ 43. Kc4 h3 44. gxh3 d2 45. Rd1 Kf3 46. Kc3 Ke2 47. Kc2 Rd4 48. Rxd2+ Rxd2+ 49. Kb3 Rd3+ 50. Ka4 Kd2 51. c6 Kc2 52. b5 Kb2 53. b6 Kxa2 54. b7 Rd4+ 55. Ka5 Rd5+ 56. Ka6 Rd6 57. Kb6 Kb2 58. b8Q Rd3 59. Qe5+ Rc3 60. Qxc3+ Kxc3 61. c7 1-0

[Event "Lipetsk Region-ch"]
[Site "Lipetsk"]
[Date "2010.03.25"]
[Round "4"]
[White "Nikiforov, Vladimir"]
[Black "Izhokin, Igor"]
[Result "0-1"]
[WhiteElo "2267"]
[BlackElo "1931"]
[PlyCount "80"]
[EventDate "2010.03.22"]
[EventType "swiss"]
[EventRounds "9"]
[EventCountry "RUS"]
[SourceTitle "EXT 2011"]
[Source "ChessBase"]
[SourceDate "2010.11.26"]
[SourceVersion "1"]
[SourceVersionDate "2010.11.26"]
[SourceQuality "1"]

1. e4 c5 2. Nf3 d6 3. Bb5+ Bd7 4. Bxd7+ Nxd7 5. 0-0 Ngf6 6. Re1 e6 7. c3 Be7 8. d4 cxd4 9. cxd4 d5 10. e5 Ne4 11. Nc3 Nxc3 12. bxc3 0-0 13. Qd3 Rc8 14. Bd2 Nb6 15. Rab1 Qc7 16. Bg5 Na4 17. Rb3 a6 18. h4 h6 19. Bd2 b5 20. g3 Qc4 21. Qe3 Rc7 22. Nh2 Rfc8 23. Qf4 Qc6 24. Ng4 Qe8 25. Re3 Nb6 26. Rf3 Rc4 27. Bc1 Ra4 28. Rb2 Nc4 29. Re2 Ba3 30. Ne3 Bxc1 31. Nxc4 Bxf4 32. Nd6 Qd7 33. Nxc8 Qxc8 34. Rxf4 Qc4 35. Re3 Rxa2 36. Kg2 Re2 37. Rff3 a5 38. Rxe2 Qxe2 39. Re3 Qc2 40. c4 dxc4 0-1

[Event "Lipetsk Region-ch"]
[Site "Lipetsk"]
[Date "2010.03.22"]
[Round "1"]
[White "Izhokin, Igor"]
[Black "Kurbatov, Andrei"]
[Result "1-0"]
[WhiteElo "1931"]
[BlackElo "2135"]
[PlyCount "113"]
[EventDate "2010.03.22"]
[EventType "swiss"]
[EventRounds "9"]
[EventCountry "RUS"]
[SourceTitle "EXT 2011"]
[Source "ChessBase"]
[SourceDate "2010.11.26"]
[SourceVersion "1"]
[SourceVersionDate "2010.11.26"]
[SourceQuality "1"]

1. e4 c6 2. d4 d5 3. Nc3 dxe4 4. Nxe4 Nd7 5. Nf3 Ngf6 6. Ng3 Qc7 7. Bd3 e6 8. 0-0 Bd6 9. Qe2 0-0 10. Rd1 Re8 11. Ne4 Nxe4 12. Qxe4 Nf8 13. Ne5 f6 14. Nf3 Bd7 15. Bd2 c5 16. dxc5 Bxc5 17. c4 Bc6 18. Qe2 Ng6 19. b4 Bxf3 20. Qxf3 Ne5 21. Qh3 Nxd3 22. Qxd3 Rad8 23. Qb3 Bxf2+ 24. Kxf2 Rxd2+ 25. Rxd2 Qf4+ 26. Ke2 Qe5+ 27. Qe3 Qxa1 28. Qxa7 Qe5+ 29. Kd1 Qc7 30. Qd4 Qxh2 31. Qd7 Qh5+ 32. Kc1 Qf7 33. Qb5 Rc8 34. c5 e5 35. Rd7 Qxa2 36. Qxb7 Qc4+ 37. Kb2 Re8 38. Rxg7+ Kf8 39. Rxh7 Qd4+ 40. Ka2 Qd2+ 41. Ka3 Qd3+ 42. Ka4 Qc2+ 43. Ka5 Qa2+ 44. Kb5 Qe2+ 45. Kb6 Re6+ 46. c6 Qe3+ 47. Kc7 Kg8 48. Rd7 Re8 49. Rd8 Rxd8 50. Kxd8 e4 51. c7 Qd4+ 52. Kc8 e3 53. Kb8 Qe5 54. Ka8 Qa1+ 55. Qa7 Qc3 56. Qb8+ Kf7 57. c8Q 1-0

[Event "Lipetsk Region-ch sf"]
[Site "Lipetsk"]
[Date "2009.10.10"]
[Round "8"]
[White "Izhokin, Igor"]
[Black "Golubyatnikov, Mitrofan"]
[Result "1-0"]
[WhiteElo "1910"]
[BlackElo "1949"]
[PlyCount "69"]
[EventDate "2009.09.25"]
[EventType "swiss"]
[EventRounds "8"]
[EventCountry "RUS"]
[SourceTitle "EXT 2022"]
[Source "ChessBase"]
[SourceDate "2021.10.06"]
[SourceVersion "1"]
[SourceVersionDate "2021.10.06"]
[SourceQuality "1"]

1. e4 e5 2. Nf3 Nc6 3. Bb5 a6 4. Ba4 Nf6 5. 0-0 b5 6. Bb3 Be7 7. Re1 0-0 8. a4 b4 9. d4 d6 10. dxe5 Nxe5 11. Nxe5 dxe5 12. Nd2 Bb7 13. f3 Qd4+ 14. Kh1 Rad8 15. Qe2 Rd7 16. Nc4 Bc5 17. Be3 Qxe3 18. Nxe3 Rfd8 19. Rad1 Bd4 20. Nc4 Nh5 21. g3 Kf8 22. Rd3 g6 23. Red1 Ke8 24. Qd2 Nf6 25. Qxb4 c5 26. Qe1 Bc6 27. Qe2 Rb8 28. Na5 Ba8 29. c3 c4 30. Bxc4 Bb6 31. Rxd7 Nxd7 32. b4 Nf6 33. Bxa6 h5 34. Qb5+ Kf8 35. Qxe5 1-0

[Event "Lipetsk-ch"]
[Site "Lipetsk"]
[Date "2009.06.05"]
[Round "7"]
[White "Izhokin, Igor"]
[Black "Ermolaev, Alexander"]
[Result "1-0"]
[WhiteElo "1877"]
[BlackElo "1904"]
[PlyCount "63"]
[EventDate "2009.05.22"]
[EventType "swiss"]
[EventRounds "9"]
[EventCountry "RUS"]
[SourceTitle "EXT 2022"]
[Source "ChessBase"]
[SourceDate "2021.10.06"]
[SourceVersion "1"]
[SourceVersionDate "2021.10.06"]
[SourceQuality "1"]

1. e4 Nc6 2. d4 e5 3. Nf3 exd4 4. Nxd4 Qh4 5. Nc3 Bb4 6. Qd3 Nf6 7. Nxc6 dxc6 8. Bd2 Bxc3 9. Bxc3 Nxe4 10. 0-0-0 Nxc3 11. Qxc3 Qg5+ 12. Kb1 Be6 13. h4 Qg4 14. f3 Qg6 15. h5 Qf6 16. Qb4 Rd8 17. Bd3 b6 18. Be4 Rxd1+ 19. Rxd1 Bf5 20. Bxf5 Qxf5 21. g4 Qf6 22. g5 Qf5 23. f4 a5 24. Qd4 0-0 25. h6 f6 26. gxf6 Qxf6 27. hxg7 Kxg7 28. Qd7+ Rf7 29. Qe8 Qxf4 30. Rg1+ Kh6 31. Qxc6+ Rf6 32. Qh1+ 1-0

[Event "Lipetsk-ch"]
[Site "Lipetsk"]
[Date "2009.05.31"]
[Round "6"]
[White "Omelchak, Ivan"]
[Black "Izhokin, Igor"]
[Result "0-1"]
[WhiteElo "1892"]
[BlackElo "1877"]
[PlyCount "58"]
[EventDate "2009.05.22"]
[EventType "swiss"]
[EventRounds "9"]
[EventCountry "RUS"]
[SourceTitle "EXT 2022"]
[Source "ChessBase"]
[SourceDate "2021.10.06"]
[SourceVersion "1"]
[SourceVersionDate "2021.10.06"]
[SourceQuality "1"]

1. e4 c5 2. Nc3 Nc6 3. f4 g6 4. Nf3 Bg7 5. Bc4 e6 6. f5 exf5 7. d3 Nge7 8. Ng5 Ne5 9. Bb3 h6 10. Nxf7 Nxf7 11. exf5 Nxf5 12. 0-0 0-0 13. Qg4 Kh7 14. Bd2 d6 15. Bxf7 Rxf7 16. Qf3 Rf8 17. Qd5 Rb8 18. Rae1 b6 19. Nb5 Bb7 20. Qe6 Qh4 21. Rf4 Qf6 22. Qb3 Qd8 23. Ref1 Be5 24. Rg4 h5 25. Bg5 Qd7 26. Ra4 a6 27. Nc3 Bd4+ 28. Kh1 Ng3+ 29. hxg3 Rxf1+ 0-1

[Event "Lipetsk-ch"]
[Site "Lipetsk"]
[Date "2009.05.24"]
[Round "3"]
[White "Lebedev, Alexander"]
[Black "Izhokin, Igor"]
[Result "0-1"]
[WhiteElo "2036"]
[BlackElo "1877"]
[PlyCount "114"]
[EventDate "2009.05.22"]
[EventType "swiss"]
[EventRounds "9"]
[EventCountry "RUS"]
[SourceTitle "EXT 2022"]
[Source "ChessBase"]
[SourceDate "2021.10.06"]
[SourceVersion "1"]
[SourceVersionDate "2021.10.06"]
[SourceQuality "1"]

1. e4 c5 2. Nf3 d6 3. d4 cxd4 4. Nxd4 Nf6 5. Nc3 a6 6. Be2 e6 7. Be3 Be7 8. 0-0 0-0 9. Kh1 b5 10. Bf3 Nfd7 11. g3 Qc7 12. Bg2 Bb7 13. Qg4 Nf6 14. Qh3 b4 15. Nce2 Bxe4 16. f3 Bb7 17. c3 bxc3 18. Rac1 Nd5 19. Bd2 Qb6 20. bxc3 Nd7 21. c4 N5f6 22. Rb1 Qc7 23. Rfc1 Nc5 24. g4 Nd3 25. Rf1 Rab8 26. Rb3 Ne5 27. g5 Nfd7 28. Rc3 Ba8 29. Rc2 Nb6 30. Ba5 Qd7 31. Bxb6 Rxb6 32. f4 Bxg2+ 33. Qxg2 Nc6 34. h4 Nxd4 35. Nxd4 Rfb8 36. f5 exf5 37. Nxf5 Rb1 38. Nh6+ Kf8 39. Nxf7 Qf5 40. Rcf2 Rxf1+ 41. Qxf1 Qe4+ 42. Kh2 Qxh4+ 43. Kg1 Qg3+ 44. Kh1 Qh4+ 45. Kg2 Qe4+ 46. Kh2 Kg8 47. Rf3 Rb2+ 48. Kh3 Qg6 49. Kg4 h5+ 50. Kh4 Rh2+ 51. Kg3 Qc2 52. Re3 h4+ 53. Kg4 Rf2 54. Qe1 Qf5+ 55. Kxh4 Rh2+ 56. Kg3 Rh3+ 57. Kg2 Qg4+ 0-1

[Event "Lipetsk-B 17th"]
[Site "Lipetsk"]
[Date "2008.12.13"]
[Round "8"]
[White "Torshin, Anton1111"]
[Black "Izhokin, Igor"]
[Result "0-1"]
[WhiteElo "1731"]
[BlackElo "1718"]
[PlyCount "76"]
[EventDate "2008.11.28"]
[EventType "swiss"]
[EventRounds "9"]
[EventCountry "RUS"]
[SourceTitle "EXT 2022"]
[Source "ChessBase"]
[SourceDate "2021.10.06"]
[SourceVersion "1"]
[SourceVersionDate "2021.10.06"]
[SourceQuality "1"]

1. e4 e6 2. d4 d5 3. Nd2 Nf6 4. e5 Nfd7 5. Bd3 c5 6. c3 Nc6 7. Ngf3 cxd4 8. cxd4 f6 9. exf6 Nxf6 10. 0-0 Bd6 11. Re1 0-0 12. Nb3 Qc7 13. Qe2 Bd7 14. Bg5 Rae8 15. Ne5 Bc8 16. Rac1 Qb6 17. Bxf6 Rxf6 18. Qh5 g6 19. Nxg6 hxg6 20. Bxg6 Re7 21. Rc3 Rg7 22. Be8 Rf5 23. Qh6 Bf4 24. Qh3 Rf8 25. Bxc6 bxc6 26. Qh4 e5 27. dxe5 Bg3 28. Qxg3 Rxg3 29. Rxg3+ Kh7 30. Re2 Be6 31. Nc1 c5 32. Nd3 c4 33. Ne1 d4 34. Re4 Qd8 35. Nf3 Rxf3 36. Rxf3 d3 37. Rff4 d2 38. Rd4 d1Q+ 0-1

[Event "Lipetsk-B 17th"]
[Site "Lipetsk"]
[Date "2008.11.29"]
[Round "2"]
[White "Izhokin, Igor"]
[Black "Lomovskih, Alexey"]
[Result "1-0"]
[WhiteElo "1718"]
[BlackElo "1717"]
[PlyCount "61"]
[EventDate "2008.11.28"]
[EventType "swiss"]
[EventRounds "9"]
[EventCountry "RUS"]
[SourceTitle "EXT 2022"]
[Source "ChessBase"]
[SourceDate "2021.10.06"]
[SourceVersion "1"]
[SourceVersionDate "2021.10.06"]
[SourceQuality "1"]

1. d4 d5 2. c4 c6 3. Nf3 Nf6 4. Nc3 e6 5. e3 Nbd7 6. Bd3 dxc4 7. Bxc4 b5 8. Bd3 b4 9. Na4 Bb7 10. e4 Be7 11. Bg5 0-0 12. Rc1 Rc8 13. e5 Nd5 14. Bxe7 Qxe7 15. Nc5 Nxc5 16. Rxc5 Rfd8 17. 0-0 Nf4 18. Be4 Rxd4 19. Qc2 Rxe4 20. Qxe4 Qxc5 21. Qxf4 Rd8 22. Ng5 Qe7 23. Ne4 Ba6 24. Rc1 Rd5 25. Qg3 Kh8 26. f4 Rd3 27. Qf2 Qd7 28. Nd6 Bb5 29. Qc5 b3 30. Nxb5 cxb5 31. Qf8# 1-0

[Event "Lipetsk Region-ch op"]
[Site "Lipetsk"]
[Date "2008.10.22"]
[Round "5"]
[White "Lebedev, Alexander"]
[Black "Izhokin, Igor"]
[Result "0-1"]
[WhiteElo "2096"]
[BlackElo "1718"]
[PlyCount "38"]
[EventDate "2008.10.18"]
[EventType "swiss"]
[EventRounds "9"]
[EventCountry "RUS"]
[SourceTitle "EXT 2022"]
[Source "ChessBase"]
[SourceDate "2021.10.06"]
[SourceVersion "1"]
[SourceVersionDate "2021.10.06"]
[SourceQuality "1"]

1. e4 e6 2. d4 d5 3. exd5 exd5 4. Bd3 Bd6 5. Nf3 Nf6 6. h3 h6 7. 0-0 0-0 8. Be3 Re8 9. Qd2 Ne4 10. Qc1 Bf5 11. Nc3 c6 12. Re1 Qf6 13. Ne2 Bxh3 14. gxh3 Qxf3 15. Bxe4 Rxe4 16. Nc3 Re6 17. Kf1 Bf4 18. Kg1 Rg6+ 19. Kf1 Bh2 0-1